|
|
|
|
| LEADER |
01344nam a2200337Ia 4500 |
| 001 |
EBC232153 |
| 003 |
MiAaPQ |
| 005 |
20200520144314.0 |
| 006 |
m o d | |
| 007 |
cr cn||||||||| |
| 008 |
000815s2003 enk s 000 0 eng d |
| 020 |
|
|
|z 0861767977
|
| 035 |
|
|
|a (MiAaPQ)EBC232153
|
| 035 |
|
|
|a (Au-PeEL)EBL232153
|
| 035 |
|
|
|a (CaPaEBR)ebr10052786
|
| 035 |
|
|
|a (CaONFJC)MIL51070
|
| 035 |
|
|
|a (OCoLC)61741292
|
| 040 |
|
|
|a MiAaPQ
|c MiAaPQ
|d MiAaPQ
|
| 050 |
|
4 |
|a HD53
|b .S74 2003
|
| 245 |
0 |
0 |
|a Special themed section
|h [electronic resource] :
|b intellectual capital and the capital markets: reflections on the EAA 2002 symposium /
|c Guest editors Jan Mouritsen.
|
| 260 |
|
|
|a Bradford, England :
|b Emerald Group Publishing,
|c c2003.
|
| 300 |
|
|
|a 149 p.
|
| 490 |
1 |
|
|a Accounting, Auditing & Accountability Journal. No. 1 ;
|v Vol. 16
|
| 533 |
|
|
|a Electronic reproduction. Ann Arbor, MI : ProQuest, 2015. Available via World Wide Web. Access may be limited to ProQuest affiliated libraries.
|
| 650 |
|
0 |
|a Intellectual capital.
|
| 650 |
|
0 |
|a Capital market.
|
| 655 |
|
4 |
|a Electronic books.
|
| 700 |
1 |
|
|a Mouritsen, Jan.
|
| 710 |
2 |
|
|a ProQuest (Firm)
|
| 830 |
|
0 |
|a Accounting, auditing & accountability journal ;
|v v. 16, no. 1.
|
| 856 |
4 |
0 |
|u https://ebookcentral.proquest.com/lib/matrademy/detail.action?docID=232153
|z Click to View
|